Nicholas Nickleby Level 4

Nicholas Nickleby is a novel about a young man who must support his family after his father's death. He works at a cruel boarding school but eventually escapes and tries various jobs. Along the way, Nicholas defends the helpless, confronts corrupt relatives, and fights for justice. With courage...

Deskribapen osoa

Gorde:
Xehetasun bibliografikoak
Egile nagusia: Dickens, Charles
Beste egile batzuk: Rice, Chris (Retold), Hopkins, Andy (Series Editor), Potter, Jocelyn (Series Editor)
Formatua: Liburua
Hizkuntza:Vietnamese
Argitaratua: England Pearson Education Ltd 2007
Saila:Penguin Active Reading
Gaiak:
Etiketak: Etiketa erantsi
Etiketarik gabe, Izan zaitez lehena erregistro honi etiketa jartzen!
Thư viện lưu trữ: Thư viện Trường Đại học Nam Cần Thơ
LEADER 01291nam a22002417a 4500
001 NCT_4_023031
008 240529b xxu||||| |||| 00| 0 vie d
999 |c 9128  |d 9128 
020 |a 9781405852203 
082 0 4 |2 23rd ed.  |a 428  |b D548 
100 1 0 |a Dickens, Charles 
245 1 0 |a Nicholas Nickleby  |n Level 4  |c Charles Dickens ; Chris Rice (Retold) ; Andy Hopkins, Jocelyn Potter (Series Editor) 
260 |a England  |b Pearson Education Ltd  |c 2007 
300 |a iv, 76 p.  |b ill.  |c 21 cm 
490 0 |a Penguin Active Reading 
520 3 |a Nicholas Nickleby is a novel about a young man who must support his family after his father's death. He works at a cruel boarding school but eventually escapes and tries various jobs. Along the way, Nicholas defends the helpless, confronts corrupt relatives, and fights for justice. With courage and kindness, he overcomes hardships and finds happiness for himself and his loved ones. 
653 |a Tham khảo 
700 1 |a Rice, Chris   |e Retold 
700 1 |a Hopkins, Andy   |e Series Editor 
700 1 |a Potter, Jocelyn   |e Series Editor 
942 |2 ddc  |c BK 
952 |0 0  |1 0  |2 ddc  |4 0  |6 428_000000000000000_D548  |7 0  |9 30971  |a 000001  |b 000001  |d 2025-06-26  |o 428 D548  |p TK.01041  |r 2025-06-26  |w 2025-06-26  |y BK 
980 |a Thư viện Trường Đại học Nam Cần Thơ